Formación contínua en las sociedades de hoy. Segunda parte: Costa Rica en el contexto internacional /

En la primera parte se había elaborado un acercamiento al concepto de formación continua, para desarrollar posteriormente dos temas que buscan la descripción de la actividad en Costa Rica, tomando como referencia algunas experiencias internacionales. El presente trabajo, por lo tanto, incluye un aná...

Full beskrivning

Sparad:
Bibliografiska uppgifter
Huvudupphovsman: Mata Segreda, Alejandrina
Materialtyp: Text
Ämnen:
Taggar: Lägg till en tagg
Inga taggar, Lägg till första taggen!

MARC

LEADER 00000 a a2200000 04500
001 13629
003
040
100 |a Mata Segreda, Alejandrina  
245 |a Formación contínua en las sociedades de hoy. Segunda parte:   |b Costa Rica en el contexto internacional /  |c Alejandrina Mata Segreda 
520 |a En la primera parte se había elaborado un acercamiento al concepto de formación continua, para desarrollar posteriormente dos temas que buscan la descripción de la actividad en Costa Rica, tomando como referencia algunas experiencias internacionales. El presente trabajo, por lo tanto, incluye un análisis de los principales actores en la gestión de la formación continua, y de manera específica, el caso costarricense  
650 |a CAPACITACION EN EL EMPLEO  
650 |a READIESTRAMIENTO  
650 |a PARTICIPACION DEL ESTADO  
650 |a ELABORACION DE POLITICAS  
650 |a CENTROS DE CAPACITACION  
773 |g volumen 81, número 1; páginas 33-43  
999 |c 31388  |d 31388